Facets of Canadian philately (Record no. 2677)

000 -LEADER
fixed length control field 00439nam a22000977a 4500
008 - FIXED-LENGTH DATA ELEMENTS--GENERAL INFORMATION
fixed length control field 180326b xxu||||| |||| 00| 0 eng d
100 ## - MAIN ENTRY--AUTHOR'S NAME
Author's Name McGuire, C. R.
245 ## - TITLE STATEMENT
Title Facets of Canadian philately
260 ## - PUBLICATION, DISTRIBUTION, ETC. (IMPRINT)
Place of publication, distribution, etc. [Ottawa]
Name of publisher, distributor, etc. Canada Post Corporation
Date of publication, distribution, etc. 1987
650 ## - TOPICAL TERM (Tag)
Topical term or geographic name Canada | Postal History | Postal Markings | British North America | Postal Service | Bibliographies | Exhibitions | Catalogs and Publications | Seals, Labels, and Souvenirs | CAPEX '87
Holdings
Withdrawn status Lost status Source of classification or shelving scheme Damaged status Koha normalized classification for sorting Not for loan Collection code Permanent Location Current Location Shelving location Date acquired Total Checkouts Full call number Barcode Date last seen Copy number Price effective from Koha item type
        G3401 P856 M478     Northern Philatelic Library Northern Philatelic Library General Stacks 03/26/2018   G3401 P856 M478 1005021 03/26/2018 1 03/26/2018  
        G3401 P856 M478     Northern Philatelic Library Northern Philatelic Library   08/11/2022   G3401 P856 M478 1005914 08/11/2022   08/11/2022 Books

Powered by Koha